000 01186nam a2200325 a 4500
001 000003227
003 DO-SdBNP
005 20210415104657.0
008 090707s1986 dr ad 001 0 spa d
040 _aDO-SdBNP
_bspa
_cBPHU
082 _a338.97293
_bH117r
245 0 0 _aHacia una reestructuración dirigida de la economía dominicana /
_cMiguel Ceara Hatton ... [et al.].
260 _aSanto Domingo :
_bFundación Friedrich :
_bGrupo de Investigación Económica,
_c1986.
300 _a355 p. :
_bil. ; graf. ;
_c23 cm.
500 _aIncluye índice de cuadros.
500 _aIncluye índice general.
504 _aBibliografía : p. 327-339
590 _aInventariado, 2018/BT
651 4 _aRepública Dominicana
_xCondiciones Económicas
_9281
651 4 _aRepública Dominicana
_xPolítica Económica
_9643
700 1 2 _aCeara Hatton
_910172
700 1 2 _aCaraballo, Elsa
_910173
700 1 2 _aEspinal, Juan José
_910174
700 1 2 _aJesús García, Manuel de
_910175
700 1 2 _aVeloz, Apolinar
_97038
700 1 2 _aBrea, José Ramón
_910176
710 2 2 _aGrupo de Investigación Económica (República Dominicana)
_910177
910 _aB/T
942 _2ddc
_cLBS1
999 _c3058
_d3058